Interpreting the New Testament. (Record no. 4958)

000 -LEADER
fixed length control field 00588nam a2200193 a 4500
001 - CONTROL NUMBER
control field :::00002699$&:&@@
003 - CONTROL NUMBER IDENTIFIER
control field OkBaRHE
005 - DATE AND TIME OF LATEST TRANSACTION
control field 20000607103256.0
008 - FIXED-LENGTH DATA ELEMENTS--GENERAL INFORMATION
fixed length control field s1961 j 000 0 eng u
040 ## - CATALOGING SOURCE
Transcribing agency
100 1# - MAIN ENTRY--PERSONAL NAME
Personal name Dana, H. E. and Glaze, Jr., R. E.
245 10 - TITLE STATEMENT
Title Interpreting the New Testament.
260 ## - PUBLICATION, DISTRIBUTION, ETC. (IMPRINT)
Place of publication, distribution, etc Nashville, TN., :
Name of publisher, distributor, etc Broadman Press
Date of publication, distribution, etc 1961
300 ## - PHYSICAL DESCRIPTION
Extent 165 p.
650 ## - SUBJECT ADDED ENTRY--TOPICAL TERM
Topical term or geographic name as entry element Bible New Testament
General subdivision Hermeneutics
700 ## - ADDED ENTRY--PERSONAL NAME
Personal name Glaze, Jr., R. E.
942 ## - ADDED ENTRY ELEMENTS (KOHA)
Source of classification or shelving scheme
Koha item type Books
Copies
Koha item type Lost status Shelving location Barcode Copy number Price effective from Withdrawn status Not for loan Full call number Permanent Location Source of classification or shelving scheme Date acquired Date last seen Damaged status
Books General Stacks269912010-04-14  BS 2331 .D2RHEMA Bible Training College 2010-04-142018-03-06